<?xml version="1.0" encoding="UTF-8"?>
<collection xmlns="http://www.loc.gov/MARC21/slim">
<record>
  <controlfield tag="001">299235</controlfield>
  <controlfield tag="005">20240928181039.0</controlfield>
  <datafield tag="035" ind1=" " ind2=" ">
    <subfield code="a">G:(GEPRIS)387160248</subfield>
  </datafield>
  <datafield tag="024" ind1="7" ind2=" ">
    <subfield code="a">G:(GEPRIS)387160248</subfield>
    <subfield code="d">387160248</subfield>
  </datafield>
  <datafield tag="040" ind1=" " ind2=" ">
    <subfield code="a">GEPRIS</subfield>
    <subfield code="c">http://gepris.its.kfa-juelich.de</subfield>
  </datafield>
  <datafield tag="150" ind1=" " ind2=" ">
    <subfield code="a">Ultra-clean magnetron sputter system</subfield>
    <subfield code="y">2017</subfield>
  </datafield>
  <datafield tag="371" ind1=" " ind2=" ">
    <subfield code="a">Professor Dr. Carsten Schuck</subfield>
  </datafield>
  <datafield tag="450" ind1=" " ind2=" ">
    <subfield code="a">DFG project G:(GEPRIS)387160248</subfield>
    <subfield code="w">d</subfield>
    <subfield code="y">2017</subfield>
  </datafield>
  <datafield tag="510" ind1="1" ind2=" ">
    <subfield code="a">Deutsche Forschungsgemeinschaft</subfield>
    <subfield code="0">I:(DE-588b)2007744-0</subfield>
    <subfield code="b">DFG</subfield>
  </datafield>
  <datafield tag="680" ind1=" " ind2=" ">
    <subfield code="a">Für geplante Forschungsarbeiten im Bereich der Quantenoptik, Nanophotonik und supraleitenden Materialien ist ein leistungsfähiges Magnetronsputtersystem erforderlich. Das System muss eine Ultrahochvakuum Umgebung zur Verfügung stellen in der dünne, hochreine Filme aus Niob-basierten Supraleitern mit kontrollierbaren Materialeigenschaften hergestellt werden können. An der WWU ist momentan kein Sputtersystem verfügbar, das solchen Anforderungen gerecht wird. Im Rahmen der Neuberufung von Prof. C. Schuck soll deshalb ein Sputtersystem angeschafft werden, welches hochwertige Supraleiter von wenigen Nanometern Schichtdicke für die Fertigung von Einzelphotonendetektoren erzeugt. Diese neuartige Detektortechnologie wurde von Prof. C. Schuck maßgeblich mitentwickelt und ist elementarer Bestandteil seiner Forschungsaktivitäten. Ein entsprechendes Sputtersystem für supraleitende Materialien ist daher erforderlich, um die Arbeitsfähigkeit der Gruppe zu gewährleisten. Mit dem neuen Gerät sollen supraleitende Schichten von 3-10 nm Dicke hergestellt werden, die dann mit Hilfe lithographischer Techniken im Nanobereich strukturiert werden. Im Bereich der Materialphysik soll das System für elektronenmikroskopische Strukturuntersuchungen an supraleitenden Dünnfilmen verwendet werden. Durch die Einbettung in den Forschungsschwerpunkt Nanophysik soll das Gerät einem interessierten Nutzerkreis zugänglich gemacht werden und die Nanostrukturierungsmöglichkeiten an der WWU entscheidend stärken.</subfield>
  </datafield>
  <datafield tag="909" ind1="C" ind2="O">
    <subfield code="o">oai:juser.fz-juelich.de:965978</subfield>
    <subfield code="p">authority:GRANT</subfield>
    <subfield code="p">authority</subfield>
  </datafield>
  <datafield tag="980" ind1=" " ind2=" ">
    <subfield code="a">G</subfield>
  </datafield>
  <datafield tag="980" ind1=" " ind2=" ">
    <subfield code="a">AUTHORITY</subfield>
  </datafield>
  <datafield tag="909" ind1="C" ind2="O">
    <subfield code="o">oai:juser.fz-juelich.de:965978</subfield>
  </datafield>
</record>
</collection>